| 000 | 01955cam a22004934i 4500 | ||
|---|---|---|---|
| 003 | PE-LiUPU | ||
| 005 | 20250731173148.0 | ||
| 008 | 150623s r 000 0 d | ||
| 020 | _a0943872480 | ||
| 035 | _a(Sirsi) i9780943872483 | ||
| 040 |
_aPE-LiUPU _bspa _cPE-LiUPU _erda |
||
| 049 | _aPRUA | ||
| 100 | 1 |
_aMusvosvi, Joel Nobel, _eautor. |
|
| 245 | 1 | 0 |
_aVengeance in the Apocalypse. _n17 / _cComprado. |
| 264 | 1 |
_aBerrien Springs, Michigan : _bAndrews University Press, _c1993. |
|
| 300 |
_a305 páginas ; _c23 cm. |
||
| 336 |
_atext _2rdacontent |
||
| 337 |
_aunmediated _2rdamedia |
||
| 338 |
_avolume _2rdacarrier |
||
| 490 | 0 |
_aAndrews University Seminary Doctoral Dissertation Series ; _v17 |
|
| 504 | _aIncluye bibliografía. | ||
| 505 | 0 | _aBiblical and near eastern background to "vengeance". Persecution and suffereing as the context for the call for vengeance and vindication. Vengeance in revelation. | |
| 526 | _aSEG42 | ||
| 526 | _aSEG41 | ||
| 526 | _aSEG40 | ||
| 526 | _aSEG39 | ||
| 526 | _aP94 | ||
| 526 | _aP87 | ||
| 526 | _aP86 | ||
| 526 | _aP85 | ||
| 526 | _aP77 | ||
| 526 | _aP76 | ||
| 526 | _aP35 | ||
| 650 | 0 | 4 | _aVenganza en Apocalipsis. |
| 942 |
_2ddc _cBOOK |
||
| 949 |
_a220.6 A 17 _wDEWEY _c1 _i53374 _lCCODEBUL1 _mBUL _r0 _sY _tBOOK _u2015-6-24 _xBIBLIOTECA _zUNKNOWN _0COMPRA _o.STAFF. Colección General |
||
| 949 |
_a220.6 A 17 _wDEWEY _c2 _i43646 _lCCODEBUL1 _mBUL _p10.00 _r0 _sY _tBOOK _u2015-6-24 _xTEOLOGIA _PP35 _0COMPRA _o.STAFF. Colección General |
||
| 994 |
_aC0 _bPEPRU |
||
| 596 | _a1 | ||
| 999 |
_a220.6 A 17 _wDEWEY _c35341 _i53374 _f2021-11-9 _g5 _lCCODEBUL1 _mBUL _r0 _sY _tBOOK _u2015-6-24 _xTEOLOGIA _zUNKNOWN _0COMPRA _o.STAFF. Colección General _d35341 |
||
| 999 |
_a220.6 A 17 _wDEWEY _c2 _i43646 _f2021-11-9 _g5 _lCCODEBUL1 _mBUL _p10.00 _r0 _sY _tBOOK _u2015-6-24 _xTEOLOGIA _PP35 _0COMPRA _o.STAFF. Colección General |
||
| 980 |
_81 _gALBERTO SANCHEZ Responsable de Automatización |
||